00930cam a2200277 a 4500999001500000001000900015003000600024005001700030008004100047010001300088040001800101050002400119082001500143100002400158245007600182260003600258300002100294504002600315600003300341610003400374650003600408650003800444650003800482942001200520952012000532 c7666d766611067526OCoLC20190214204833.0951024s1984 ilu b 000 0beng  a84016604 aDLCcDLCdATH0 aBV3269.C32bD5 1984 a266bD547A1 aDick, Lois Hoadley.10aAmy Carmichael :blet the little children come /cby Lois Hoadley Dick. aChicago :bMoody Press,cc1984. a160 p. ;c18 cm. aBibliography: p. 160.10aCarmichael, Amy,d1867-1951.20aDohnavur FellowshipxHistory. 0aMissionarieszIndiavBiography. 0aMissionarieszIrelandvBiography. 0aChurch work with childrenzIndia. 2ddccBK 00102ddc40708NFICaHMCbHMCcGENd2019-02-14g560.00l0o266 D547Ap008714r2019-02-14 00:00:00w2019-02-14yBK